Les Miserables. (Record no. 81656)
[ view plain ]
| 000 -LEADER | |
|---|---|
| fixed length control field | 00450nam a2200193Ia 4500 |
| 003 - CONTROL NUMBER IDENTIFIER | |
| control field | OSt |
| 005 - DATE AND TIME OF LATEST TRANSACTION | |
| control field | 20230518100411.0 |
| 008 - FIXED-LENGTH DATA ELEMENTS--GENERAL INFORMATION | |
| fixed length control field | 210210b1971 xxu||||| |||| 00| 0 eng d |
| 040 ## - CATALOGING SOURCE | |
| Transcribing agency | AL |
| 041 ## - LANGUAGE CODE | |
| Language code of text/sound track or separate title | French |
| 082 ## - DEWEY DECIMAL CLASSIFICATION NUMBER | |
| Classification number | 823.7 HUGL |
| 100 ## - MAIN ENTRY--PERSONAL NAME | |
| Personal name | HUGO (Victor). |
| 9 (RLIN) | 107667 |
| 245 ## - TITLE STATEMENT | |
| Title | Les Miserables. |
| 260 ## - PUBLICATION, DISTRIBUTION, ETC. | |
| Place of publication, distribution, etc. | London |
| Name of publisher, distributor, etc. | Macmillan & Co. Ltd. |
| Date of publication, distribution, etc. | 1971 |
| 300 ## - PHYSICAL DESCRIPTION | |
| Extent | 143 |
| 690 ## - LOCAL SUBJECT ADDED ENTRY--TOPICAL TERM (OCLC, RLIN) | |
| Topical term or geographic name as entry element | English Fiction |
| 9 (RLIN) | 107668 |
| 906 ## - LOCAL DATA ELEMENT F, LDF (RLIN) | |
| a | 030522 |
| 942 ## - ADDED ENTRY ELEMENTS (KOHA) | |
| Source of classification or shelving scheme | Dewey Decimal Classification |
| Koha item type | Book |
| Withdrawn status | Lost status | Source of classification or shelving scheme | Damaged status | Not for loan | Collection code | Home library | Current library | Date acquired | Cost, normal purchase price | Total Checkouts | Full call number | Barcode | Date last seen | Price effective from | Koha item type | Date last checked out |
|---|---|---|---|---|---|---|---|---|---|---|---|---|---|---|---|---|
| Dewey Decimal Classification | English | St Aloysius Library | St Aloysius Library | 02/17/2021 | 0.00 | 823.7 HUGL | 030522 | 02/17/2021 | 02/17/2021 | Book | ||||||
| Dewey Decimal Classification | English | St Aloysius Library | St Aloysius Library | 02/17/2021 | 0.00 | 1 | 823.7 HUGL | 030521 | 09/02/2025 | 02/17/2021 | Book | 08/19/2025 | ||||
| Dewey Decimal Classification | English | St Aloysius Library | St Aloysius Library | 02/17/2021 | 0.00 | 823.7 HUGL | 039880 | 02/17/2021 | 02/17/2021 | Book |